000 00353nam a2200133Ia 4500
008 240624s9999 xx 000 0 und d
041 _aeng
082 _a658.4038011 LAU
100 _aLAUDON KENNETH C
245 _aMANAGEMENT INFORMATION SYSTEMS MANAGING
250 _a(8th ed.)
260 _c2004
_aNew Delhi
_bPearson Education
300 _axxxii, : 534
999 _c3878
_d3878